Sueño escrito / (Registro nro. 13770)

Detalles MARC
000 -LEADER
fixed length control field 00828nam a2200253 a 4500
001 - CONTROL NUMBER
control field
003 - CONTROL NUMBER IDENTIFIER
control field DO-SdBNP
005 - DATE AND TIME OF LATEST TRANSACTION
control field 20211006135237.0
008 - FIXED-LENGTH DATA ELEMENTS--GENERAL INFORMATION
fixed length control field 090921s2002 dr a 000 p spa d
040 ## - CATALOGING SOURCE
Original cataloging agency DO-SdBNP
Language of cataloging spa
Transcribing agency BPMSU
082 ## - DEWEY DECIMAL CLASSIFICATION NUMBER
Classification number RD861.44
Item number B443s 2002
Edition number 22
100 1# - MAIN ENTRY--PERSONAL NAME
Personal name Belliard, Basilio,
Dates associated with a name 1966-
245 10 - TITLE STATEMENT
Title Sueño escrito /
Statement of responsibility, etc. Basilio Belliard.
260 ## - PUBLICATION, DISTRIBUTION, ETC. (IMPRINT)
Place of publication, distribution, etc. Santo Domingo :
Name of publisher, distributor, etc. Editora Nacional:
-- Secretaría de Estado de Educación,
Date of publication, distribution, etc. 2002.
300 ## - PHYSICAL DESCRIPTION
Extent 52 p. ;
Dimensions 16 cm.
Other physical details
490 0# - SERIES STATEMENT
Series statement Literaria los premios
500 ## - GENERAL NOTE
General note Incluye datos biográficos del autor en la contracubierta.
586 ## - AWARDS NOTE
Awards note Premio anual de Poesía Salomé Ureña de Henríquez, 2002.
590 ## - LOCAL NOTE (RLIN)
Local note Inventariado, 2021/VM
650 #4 - SUBJECT ADDED ENTRY--TOPICAL TERM
Topical term or geographic name as entry element Poesía dominicana
650 #4 - SUBJECT ADDED ENTRY--TOPICAL TERM
Topical term or geographic name as entry element Literatura dominicana.
910 ## - USER-OPTION DATA (OCLC)
User-option data VMateo V.
942 ## - ADDED ENTRY ELEMENTS (KOHA)
Source of classification or shelving scheme Dewey Decimal Classification
Koha item type Libros
Existencias
Withdrawn status Lost status Source of classification or shelving scheme Damaged status Not for loan Collection code Home library Current library Date acquired Total Checkouts Full call number Barcode Date last seen Price effective from Koha item type Copy number
    Dewey Decimal Classification     Colección Dominicana Biblioteca Pública Metropolitana Salomé Ureña Biblioteca Pública Metropolitana Salomé Ureña 10/06/2021   BPMSU CD RD861.44 B443s 2002 BPMSU21100060 10/06/2021 10/06/2021 Libros  
    Dewey Decimal Classification     Colección Dominicana Biblioteca Pública Metropolitana Salomé Ureña Biblioteca Pública Metropolitana Salomé Ureña 10/06/2021   BPMSU CD RD861.44 B443s 2002 BPMSU25100110 10/28/2025 10/06/2021 Libros e. 2